000 00614nam a2200193Ia 4500
001 5912
003 GE_BSU
008 181216s||||||||xx |||||||||||||| ||und||
040 _cGE_BSU
080 _a821.353.1-1
100 _aაბაშიძე, გრიგოლ
245 _aმეც შევარდენი ვიქნები: ლექსები. / გრიგოლ აბაშიძე
245 _cრედ. ნ. არჯევანიძე
260 _aთბილისი
260 _bნაკადული
260 _c1964
300 _a95გვ; 16სმ.
942 _cBK
999 _c39326
_d39326